Normal view
MARC view
- Hussain, Syed Iltaf
Entry Personal Name
001 - CONTROL NUMBER
- control field: 17541
003 - CONTROL NUMBER IDENTIFIER
- control field: NUST
005 - DATE AND TIME OF LATEST TRANSACTION
- control field: 20190712111639.0
008 - FIXED-LENGTH DATA ELEMENTS
- fixed length control field: 190712|| aca||aabn | a|a d
040 ## - CATALOGING SOURCE
- Original cataloging agency: NUST
- Transcribing agency: NUST
100 ## - HEADING--PERSONAL NAME
- Personal name: Hussain, Syed Iltaf
670 ## - SOURCE DATA FOUND
- Source citation: Work cat.: (NUST): Hussain, Syed Iltaf, Quaid e Azam Pakistani Zabano ky Ainy main /, 2002.
